Ecuries de F1 par images - Statistiques

Statistiques générales
  • Ce quiz a été pris 10 327 fois
  • Le résultat moyen est 12 sur 16
Statistiques - réponses
Par images Réponse % Correct
Ferrari
100%
Red Bull
100%
Aston Martin
96%
AlphaTauri
91%
McLaren
90%
Haas
87%
Mercedes
83%
Renault
83%
Williams
81%
Alpine
79%
Toro Rosso
64%
Alfa Roméo
59%
Racing Point
58%
Benetton
48%
Force India
48%
Lotus
44%
Aucun quiz correspondant
Distribution des résultats
% des personnes avec chaque résultat
Percentile par nombre de réponses
Votre historique - résultats
Vous n’avez pas pris ce quiz